Diseño de un equipo de refrigeración de dos etapas para uso didáctico
Zapisane w:
| 1. autor: | |
|---|---|
| Format: | Książka |
| Wydane: |
San José, C.R.
2002
|
| Hasła przedmiotowe: | |
| Etykiety: |
Dodaj etykietę
Nie ma etykietki, Dołącz pierwszą etykiete!
|
MARC
| LEADER | 00000nam a2200000Ia 4500 | ||
|---|---|---|---|
| 003 | 009113 | ||
| 005 | 20221231144150.0 | ||
| 008 | 140114s2002 cr a m 000 ||s d | ||
| 040 | |c cru CEDI | ||
| 090 | |a TFG 4655 | ||
| 100 | |a Cardoza Vallejo, Edwin |9 7112 | ||
| 245 | |a Diseño de un equipo de refrigeración de dos etapas para uso didáctico | ||
| 260 | |c 2002 |a San José, C.R. | ||
| 300 | |a xii, 149, [37] hojas : ilustraciones | ||
| 500 | |a Tesis (licenciatura en ingeniería mecánica)--Universidad de Costa Rica. Facultad de Ingeniería. Escuela de Ingeniería Mecánica | ||
| 650 | |x REFRIGERADORES |x DISEÑO |x REFRIGERACION |x EQUIPO Y ACCESORIOS |9 7114 | ||
| 942 | |c TFG | ||
| 999 | |c 17823 |d 17823 | ||
